000 00709nam a2200229 a 4500
001 13622
003 BD-JhCC
005 20240304131959.0
008 171128s2024 bg |||| ||a| 000 0 ben d
020 _a9789849758334
035 _a(BD-JhCC)13622
040 _aBD-JhCC
_dBD-JhCC
041 _abengali
082 _a891.4415
_bHOS 2024
100 _a হোসেন, জামাল
245 _aভালোবাসি অতলান্ত সমুদ্রের গভীরতায় /
_c জামাল হোসেন ।
260 _aঢাকা :
_bঅন্য প্রকাশ;
_c2024.
300 _a119 p. :
_c22 cm.
650 _aBengali Poem.
942 _2ddc
_cBK
999 _c13622
_d13622